000
00258nam a22001217a 4500
008
171130b xxu||||| |||| 00| 0 eng d
041
_a
eng
080
_a
32
100
_a
19
101
_a
POL
245
_a
THE LIMITS TO UNION
_c
HILLER,J.G
942
_2
udc
_c
BK
999
_c
38631
_d
38631